All time regular season triple double leaders - Statistics

General Stats
  • This quiz has been taken 2,953 times
    2,951 since last reset
  • The average score is 5 of 10
Answer Stats
Hint Answer % Correct
29 Lebron James
86%
181 Oscar Robertson
84%
138 Earvin Johnson
82%
28 Michael Jordan
77%
105 Jason Kidd
63%
59 Larry Bird
59%
78 Wilt Chamberlain
57%
29 Grant Hill
14%
30 John Havlicek
14%
43 Lafayette Lever
7%
No matching quizzes found
Score Distribution
Percent of People with Each Score
Percentile by Number Answered
Your Score History
You have not taken this quiz since the last reset